000 00547nam a2200181Ia 4500
999 _c11248
_d11248
003 OSt
005 20191226153800.0
008 190216s9999||||xx |||||||||||||| ||und||
020 _a9789350975251
040 _coclc
082 _a338.1
_bBIL/I
100 _aBilgrami, S A R
_9809
245 3 _aAn Introduction To Agricultural Economics /
_cS A R Bilgrami
260 _bHimalaya Publishing House,
_c2013.
_aNew Delhi:
300 _a327p
650 _aAgricultural Economics
942 _cBK
_2ddc
_h338.1
_iBIL/I
_k338.1
_mBIL/I